| 000 | 00639nam a22002177a 4500 | ||
|---|---|---|---|
| 003 | OSt | ||
| 005 | 20170518102811.0 | ||
| 008 | 170220b xxu||||| |||| 00| 0 eng d | ||
| 020 | _a0314201491 | ||
| 040 |
_aMMU _beng _cMMU _dMMU |
||
| 050 | _aHD58.8 .H87 1997 | ||
| 100 | _aCummings G. Thomas | ||
| 245 | _aOrganization development and change / | ||
| 250 | _a6th ed. | ||
| 260 |
_aToronto: _bAn international Thomson publishing company, _c1997. |
||
| 300 | _axxi, 609 p.: | ||
| 500 | _aIncludes bibliographical reference and index | ||
| 650 | _aOrganization | ||
| 700 | _aChristopher G. Worley | ||
| 942 |
_2lcc _cLOAN LOAN _e6th ed. |
||
| 999 |
_c23186 _d23186 |
||